Simon Pegg Movies - Statistics

General Stats
  • This quiz has been taken 16 times
    10 since last reset
  • The average score is 4 of 12
Answer Stats
Release Year Costars Movie % Correct
2007 Nick Frost, Timothy Dalton Hot Fuzz
80%
2004 Nick Frost, Bill Nighy Shaun of the Dead
80%
2013 Nick Frost, Pierce Brosnan The World's End
80%
2011 Nick Frost, Seth Rogen Paul
60%
2009 Ray Romano, Queen Latifah Ice Age: Dawn of the Dinosaurs
30%
2009 Chris Pine, Zoe Saldana Star Trek
30%
2011 Daniel Craig, Andy Serkis The Adventures of Tintin
20%
2014 Alice Braga, Luke Hemsworth Kill Me Three Times
10%
2006 Tom Cruise, Laurence Fishburne Mission: Impossible III
10%
2018 Olivia Cooke, Ben Mendelsohn Ready Player One
10%
2018 Margot Robbie, Mike Myers Terminal
10%
2022 Eva Noblezada, Whoopi Goldberg Luck
0%
No matching quizzes found
Score Distribution
Percent of People with Each Score
Percentile by Number Answered
Your Score History
You have not taken this quiz since the last reset